000 00742nam a22002297a 4500
003 UA-OsUOA
001 102417
007 ta
008 20130913b un ||||| |||| 00| 0 ukr d
100 _aДзюблюк О.
700 _aЗапаранюк Т.
090 _a330
_bД43
942 _cSA
040 _aUA-OsUOA
_bukr
_cUA-OsUOA
_dUA-OsUOA
245 _aГрошово-кредитна політика як ключовий інструмент подолання фінансової кризи у розвинутих країнах
300 _aС.3-18
955 _a0
041 _aukr
080 _a330
773 0 _w102416
_tБанківська справа
_dК.
_d2013
_g6
650 7 _a330 Економіка взагалі
_2UDC
999 _c388630
_d388630